000
00248nam a2200097Ia 4500
001
747396
005
20250826164355.0
008
250824s9999 xx 000 0 und d
245
0
_a
YÜCE ALLAHA ŞÜKREDİYORUM
_c
KOMİSYON
260
_b
KARATAY YAYINLARI
999
_c
747396
_d
747396